|
|
|
|
| LEADER |
00000nam0a2200000 4500 |
| 001 |
45944 |
| 005 |
20231031024216.0 |
| 010 |
|
|
|a 5278006730
|
| 035 |
|
|
|a (RuTPU)RU\TPU\book\47854
|
| 090 |
|
|
|a 45944
|
| 100 |
|
|
|a 20021219d1999 m y0rusy50 ca
|
| 101 |
0 |
|
|a rus
|
| 102 |
|
|
|a RU
|
| 105 |
|
|
|a a j 000zy
|
| 200 |
1 |
|
|a Плавание
|f Н. Ж. Булгакова
|
| 210 |
|
|
|a Москва
|c Физкультура и спорт
|d 1999
|
| 215 |
|
|
|a 184 с.
|c ил.
|
| 225 |
1 |
|
|a Азбука спорта
|
| 225 |
1 |
|
|a Федеральная программа книгоиздания России
|
| 610 |
1 |
|
|a спорт
|
| 610 |
1 |
|
|a плавание
|
| 610 |
1 |
|
|a водные игры
|
| 610 |
1 |
|
|a спортивное плавание
|
| 610 |
1 |
|
|a обучение
|
| 610 |
1 |
|
|a техника
|
| 610 |
1 |
|
|a упражнения
|
| 675 |
|
|
|a 797.2
|v 3
|
| 700 |
|
1 |
|a Булгакова
|b Н. Ж.
|g Нина Жановна
|
| 801 |
|
1 |
|a RU
|b 63413507
|c 20021219
|g PSBO
|
| 801 |
|
2 |
|a RU
|b 63413507
|c 20060302
|g PSBO
|
| 942 |
|
|
|c BK
|